000 01678nam a2200289 a 4500
001 000046757
003 DO-SdBNP
005 20220308123016.0
008 180322s2015 dr 000 0 spa d
020 _a9789945590234
040 _aDO-SdBNP
_bspa
_cBNPHU
082 _a337. 93051
_bR426d
100 1 _aYuan, Li
_974703
245 1 3 _aLa República Dominicana y la República Popular China :
_bintercambio, comercio e inversión /
_cYaun Li ; prólogo Natasha Despotovic.
260 _aSanto Domingo :
_bGFDD ;
_bFUNGLODE,
_c2015.
300 _a46 p. ;
_c22 cm.
490 1 _aEstudios y reflexiones
_aeconomía
500 _aEsta publicación es el resultado de la participación de la autora en el Programa de Fellows de GFDD/Fnglode septiempbre a diciembre de 2013
505 0 _aPrólogo --
_tPrefacio --
_tRendimiento económico dominicano --
_tPresencia de China en la economía dominicana --
_tComerco bilateral : hechos , desafíos y perspectivas --
_tTurismo chino en la República Dominicana : un sueño que aún no se ha cumplico --
_tFinanciación China de la República Dominicana : Taiwán y la China continental --
_tLa República Dominicana y Taiwán --
_tLa República Dominicana y China --
_tLos chinos en la economía dominicana : lo bueno y lo malo y lo que cabe esperar.
590 _aInventariao, 2018/VM
651 4 _aRepública Dominicana
_xRelaciones económicas exteriores
_98292
651 4 _aChina
_xRelaciones Económicas Exteriores
_963739
651 4 _aRepública Dominicana
_xRelaciones económicas exteriores
_zChina
_974704
700 1 _aNatasha Despotovic
_epról.
_974705
830 0 0 _aEstudios y reflexiones
_peconomía
_974706
942 _2ddc
_cLBS1
999 _c46246
_d46246